<?xml version="1.0" encoding="UTF-8"?>
<record
    xmlns:xsi="http://www.w3.org/2001/XMLSchema-instance"
    xsi:schemaLocation="http://www.loc.gov/MARC21/slim http://www.loc.gov/standards/marcxml/schema/MARC21slim.xsd"
    xmlns="http://www.loc.gov/MARC21/slim">

  <leader>00592nam a22001577a 4500</leader>
  <controlfield tag="003">OSt</controlfield>
  <controlfield tag="005">20151116085305.0</controlfield>
  <controlfield tag="008">151116b        xxu||||| |||| 00| 0 eng d</controlfield>
  <datafield tag="040" ind1=" " ind2=" ">
    <subfield code="c">RUA</subfield>
  </datafield>
  <datafield tag="082" ind1=" " ind2=" ">
    <subfield code="a">FOR CHA 2009 B137 Or.1</subfield>
  </datafield>
  <datafield tag="100" ind1=" " ind2=" ">
    <subfield code="9">3693</subfield>
    <subfield code="a">CHAKK, DOEUN.</subfield>
  </datafield>
  <datafield tag="245" ind1=" " ind2=" ">
    <subfield code="a">Bird inventory in royal university of agriculture (&#x1780;&#x17B6;&#x179A;&#x1792;&#x17D2;&#x179C;&#x17BE;&#x179F;&#x17B6;&#x179A;&#x1796;&#x17BE;&#x1797;&#x178E;&#x17D2;&#x178C;&#x179F;&#x178F;&#x17D2;&#x179C;&#x179F;&#x17D2;&#x179B;&#x17B6;&#x1794;&#x1793;&#x17C5;&#x1780;&#x17D2;&#x1793;&#x17BB;&#x1784;&#x179F;&#x17B6;&#x1780;&#x179B;&#x179C;&#x17B7;&#x1791;&#x17D2;&#x1799;&#x17B6;&#x179B;&#x17D0;&#x1799;&#x1797;&#x17BC;&#x1798;&#x17B7;&#x1793;&#x17D2;&#x1791;&#x1780;&#x179F;&#x17B7;&#x1780;&#x1798;&#x17D2;&#x1798;)</subfield>
  </datafield>
  <datafield tag="260" ind1=" " ind2=" ">
    <subfield code="a">Phnom Penh</subfield>
    <subfield code="b">RUA</subfield>
    <subfield code="c">2009</subfield>
  </datafield>
  <datafield tag="300" ind1=" " ind2=" ">
    <subfield code="a">x, 54p.</subfield>
    <subfield code="b">ill.</subfield>
    <subfield code="c">29cm.</subfield>
  </datafield>
  <datafield tag="942" ind1=" " ind2=" ">
    <subfield code="2">ddc</subfield>
    <subfield code="c">FOR</subfield>
  </datafield>
  <datafield tag="999" ind1=" " ind2=" ">
    <subfield code="c">3441</subfield>
    <subfield code="d">3441</subfield>
  </datafield>
  <datafield tag="952" ind1=" " ind2=" ">
    <subfield code="0">0</subfield>
    <subfield code="1">0</subfield>
    <subfield code="2">ddc</subfield>
    <subfield code="4">0</subfield>
    <subfield code="6">FOR_CHA_2009_000000000000000_B137_OR_1</subfield>
    <subfield code="7">0</subfield>
    <subfield code="9">16423</subfield>
    <subfield code="a">LBB</subfield>
    <subfield code="b">LBB</subfield>
    <subfield code="c">B137</subfield>
    <subfield code="d">2015-11-16</subfield>
    <subfield code="l">2</subfield>
    <subfield code="o">FOR CHA 2009 B137 Or.1</subfield>
    <subfield code="p">RUA026194</subfield>
    <subfield code="r">2022-02-09</subfield>
    <subfield code="s">2022-01-12</subfield>
    <subfield code="w">2015-11-16</subfield>
    <subfield code="y">FOR</subfield>
  </datafield>
  <datafield tag="952" ind1=" " ind2=" ">
    <subfield code="0">0</subfield>
    <subfield code="1">0</subfield>
    <subfield code="2">ddc</subfield>
    <subfield code="4">0</subfield>
    <subfield code="6">FOR_CHA_2009_000000000000000_B137_OR_2</subfield>
    <subfield code="7">0</subfield>
    <subfield code="9">16424</subfield>
    <subfield code="a">LBB</subfield>
    <subfield code="b">LBB</subfield>
    <subfield code="c">B137</subfield>
    <subfield code="d">2015-11-16</subfield>
    <subfield code="l">1</subfield>
    <subfield code="o">FOR CHA 2009 B137 Or.2</subfield>
    <subfield code="p">RUA026191</subfield>
    <subfield code="r">2023-03-13</subfield>
    <subfield code="s">2023-02-14</subfield>
    <subfield code="w">2015-11-16</subfield>
    <subfield code="y">FOR</subfield>
  </datafield>
  <datafield tag="952" ind1=" " ind2=" ">
    <subfield code="0">0</subfield>
    <subfield code="1">0</subfield>
    <subfield code="2">ddc</subfield>
    <subfield code="4">0</subfield>
    <subfield code="6">FOR_CHA_2009_000000000000000_B137_OR_3</subfield>
    <subfield code="7">0</subfield>
    <subfield code="9">16425</subfield>
    <subfield code="a">LBB</subfield>
    <subfield code="b">LBB</subfield>
    <subfield code="c">B137</subfield>
    <subfield code="d">2015-11-16</subfield>
    <subfield code="o">FOR CHA 2009 B137 Or.3</subfield>
    <subfield code="p">RUA026486</subfield>
    <subfield code="r">2015-11-16</subfield>
    <subfield code="w">2015-11-16</subfield>
    <subfield code="y">FOR</subfield>
  </datafield>
  <datafield tag="952" ind1=" " ind2=" ">
    <subfield code="0">0</subfield>
    <subfield code="1">0</subfield>
    <subfield code="2">ddc</subfield>
    <subfield code="4">0</subfield>
    <subfield code="6">FOR_CHA_2009_000000000000000_B137_OR_4</subfield>
    <subfield code="7">0</subfield>
    <subfield code="9">16426</subfield>
    <subfield code="a">LBB</subfield>
    <subfield code="b">LBB</subfield>
    <subfield code="c">B137</subfield>
    <subfield code="d">2015-11-16</subfield>
    <subfield code="o">FOR CHA 2009 B137 Or.4</subfield>
    <subfield code="p">RUA026414</subfield>
    <subfield code="r">2015-11-16</subfield>
    <subfield code="w">2015-11-16</subfield>
    <subfield code="y">FOR</subfield>
  </datafield>
  <datafield tag="952" ind1=" " ind2=" ">
    <subfield code="0">0</subfield>
    <subfield code="1">0</subfield>
    <subfield code="2">ddc</subfield>
    <subfield code="4">0</subfield>
    <subfield code="6">FOR_CHA_2009_000000000000000_B137_OR_5</subfield>
    <subfield code="7">0</subfield>
    <subfield code="9">16427</subfield>
    <subfield code="a">LBB</subfield>
    <subfield code="b">LBB</subfield>
    <subfield code="c">B137</subfield>
    <subfield code="d">2015-11-16</subfield>
    <subfield code="o">FOR CHA 2009 B137 Or.5</subfield>
    <subfield code="p">RUA026342</subfield>
    <subfield code="r">2015-11-16</subfield>
    <subfield code="w">2015-11-16</subfield>
    <subfield code="y">FOR</subfield>
  </datafield>
  <datafield tag="952" ind1=" " ind2=" ">
    <subfield code="0">0</subfield>
    <subfield code="1">0</subfield>
    <subfield code="2">ddc</subfield>
    <subfield code="4">0</subfield>
    <subfield code="6">FOR_CHA_2009_000000000000000_B137_OR_6</subfield>
    <subfield code="7">0</subfield>
    <subfield code="9">16428</subfield>
    <subfield code="a">LBB</subfield>
    <subfield code="b">LBB</subfield>
    <subfield code="c">B137</subfield>
    <subfield code="d">2015-11-16</subfield>
    <subfield code="l">2</subfield>
    <subfield code="o">FOR CHA 2009 B137 Or.6</subfield>
    <subfield code="p">RUA026270</subfield>
    <subfield code="r">2022-08-19</subfield>
    <subfield code="s">2022-08-05</subfield>
    <subfield code="w">2015-11-16</subfield>
    <subfield code="y">FOR</subfield>
  </datafield>
  <datafield tag="952" ind1=" " ind2=" ">
    <subfield code="0">0</subfield>
    <subfield code="1">0</subfield>
    <subfield code="2">ddc</subfield>
    <subfield code="4">0</subfield>
    <subfield code="6">FOR_CHA_2009_000000000000000_B137_OR_7</subfield>
    <subfield code="7">0</subfield>
    <subfield code="9">16429</subfield>
    <subfield code="a">LBB</subfield>
    <subfield code="b">LBB</subfield>
    <subfield code="c">B137</subfield>
    <subfield code="d">2015-11-16</subfield>
    <subfield code="l">1</subfield>
    <subfield code="o">FOR CHA 2009 B137 Or.7</subfield>
    <subfield code="p">RUA026198</subfield>
    <subfield code="r">2023-07-19</subfield>
    <subfield code="s">2023-06-14</subfield>
    <subfield code="w">2015-11-16</subfield>
    <subfield code="y">FOR</subfield>
  </datafield>
  <datafield tag="952" ind1=" " ind2=" ">
    <subfield code="0">0</subfield>
    <subfield code="1">0</subfield>
    <subfield code="2">ddc</subfield>
    <subfield code="4">0</subfield>
    <subfield code="6">FOR_CHA_2009_000000000000000_B137_OR_8</subfield>
    <subfield code="7">0</subfield>
    <subfield code="9">16430</subfield>
    <subfield code="a">LBB</subfield>
    <subfield code="b">LBB</subfield>
    <subfield code="c">B137</subfield>
    <subfield code="d">2015-11-16</subfield>
    <subfield code="o">FOR CHA 2009 B137 Or.8</subfield>
    <subfield code="p">RUA026054</subfield>
    <subfield code="r">2015-11-16</subfield>
    <subfield code="w">2015-11-16</subfield>
    <subfield code="y">FOR</subfield>
  </datafield>
  <datafield tag="952" ind1=" " ind2=" ">
    <subfield code="0">0</subfield>
    <subfield code="1">0</subfield>
    <subfield code="2">ddc</subfield>
    <subfield code="4">0</subfield>
    <subfield code="6">FOR_CHA_2009_000000000000000_B137_OR_9</subfield>
    <subfield code="7">0</subfield>
    <subfield code="9">16431</subfield>
    <subfield code="a">LBB</subfield>
    <subfield code="b">LBB</subfield>
    <subfield code="c">B137</subfield>
    <subfield code="d">2015-11-16</subfield>
    <subfield code="o">FOR CHA 2009 B137 Or.9</subfield>
    <subfield code="p">RUA026126</subfield>
    <subfield code="r">2015-11-16</subfield>
    <subfield code="w">2015-11-16</subfield>
    <subfield code="y">FOR</subfield>
  </datafield>
  <datafield tag="952" ind1=" " ind2=" ">
    <subfield code="0">0</subfield>
    <subfield code="1">0</subfield>
    <subfield code="2">ddc</subfield>
    <subfield code="4">0</subfield>
    <subfield code="6">FOR_CHA_2009_000000000000000_B137_OR_10</subfield>
    <subfield code="7">0</subfield>
    <subfield code="9">16432</subfield>
    <subfield code="a">LBB</subfield>
    <subfield code="b">LBB</subfield>
    <subfield code="c">B137</subfield>
    <subfield code="d">2015-11-16</subfield>
    <subfield code="o">FOR CHA 2009 B137 Or.10</subfield>
    <subfield code="p">RUA026480</subfield>
    <subfield code="r">2015-11-16</subfield>
    <subfield code="w">2015-11-16</subfield>
    <subfield code="y">FOR</subfield>
  </datafield>
</record>
